000 00436nam a2200181Ia 4500
003 0STCL
008 150530s9999 xx 000 0 und d
040 _aSTCL
_cSTCL
100 _aSankaran Nair, N.
245 _aIndiayile Vidyabhyasam
250 _a1
260 _bState insitute of languages; Trivandrum
_c1970
_aTrivandrum
300 _a0
546 _aMalayalam
942 _2ddc
_cBK
999 _c79731
_d79731
005 20220125171727.0